Which of these Latin American Cities? - Statistics

General Stats
  • This quiz has been taken 24 times
  • The average score is 8 of 15
Answer Stats
Question Answer % Correct
Which of these Latin American cities does NOT lie on an island? Cancún
100%
Which of these Latin American cities does NOT lie on a border between two countries? Monterrey
100%
Which of these Latin American cities is NOT the capital city of a country? Santiago de Cuba
100%
Which of these Latin American cities was NOT founded by the Portuguese? Brasilia
75%
Which of these Latin American cities lies furthest north? Havana
75%
Which of these Latin American cities lies furthest west? San José
75%
Which of these Latin American cities does NOT lie on the shores of a lake? Veracruz
75%
Which of these Latin American cities was NOT founded by the Spanish? Cusco
50%
Which of these Latin American cities lies furthest south? Mar del Plata
50%
Which of these Latin American cities lies furthest east? Rio de Janeiro
50%
Which of these Latin American cites does NOT have a port with access to the sea? Curitiba
25%
Which of these Latin American cities was founded by the Germans? Maracaibo
0%
Which of these Latin American cities was founded first? San Pedro Sula
0%
Which of these Latin American cities has the lowest elevation? Santa Cruz de la Sierra
0%
Which of these Latin American cities lies at the confluence of two rivers? Santarém
0%
No matching quizzes found
Score Distribution
Percent of People with Each Score
Percentile by Number Answered
Your Score History
You have not taken this quiz